Mitras,Co-Ownership & Partition (Record no. 745956)

MARC details
000 -LEADER
fixed length control field 00371nam a2200145Ia 4500
008 - FIXED-LENGTH DATA ELEMENTS--GENERAL INFORMATION
fixed length control field 230724s2003 xx 000 0 und d
041 ## - LANGUAGE CODE
Language code of text/sound track or separate title eng
082 ## - DEWEY DECIMAL CLASSIFICATION NUMBER
Classification number 334.01/MAL
100 ## - MAIN ENTRY--PERSONAL NAME
Personal name Mallick M.R.
245 ## - TITLE STATEMENT
Title Mitras,Co-Ownership & Partition
250 ## - EDITION STATEMENT
Edition statement 8thEd
260 ## - PUBLICATION, DISTRIBUTION, ETC.
Place of publication, distribution, etc. Lucknow
Name of publisher, distributor, etc. Eastern Book Co.
Date of publication, distribution, etc. 2003
300 ## - PHYSICAL DESCRIPTION
Extent 553p.
650 ## - SUBJECT ADDED ENTRY--TOPICAL TERM
Topical term or geographic name entry element INTELLUCTUAL PROPERTY RIGHTS

No items available.